UBT Library

The handy science answer book / (Record no. 44624)

000 -LEADER
fixed length control field 00788cam a2200253 a 4500
001 - CONTROL NUMBER
control field 3094249
005 - DATE AND TIME OF LATEST TRANSACTION
control field 20180309090304.0
008 - FIXED-LENGTH DATA ELEMENTS--GENERAL INFORMATION
fixed length control field 931130s1994 miuab b 001 0 eng d
010 ## - LIBRARY OF CONGRESS CONTROL NUMBER
LC control number 98132817
020 ## - INTERNATIONAL STANDARD BOOK NUMBER
International Standard Book Number 0810394510
035 ## - SYSTEM CONTROL NUMBER
System control number (OCoLC)29404506
040 ## - CATALOGING SOURCE
Original cataloging agency TxLT
Transcribing agency TxLT
Modifying agency WU
-- Ms-C
-- DLC
041 ## - LANGUAGE CODE
Language code of text/sound track or separate title eng
042 ## - AUTHENTICATION CODE
Authentication code lccopycat
080 ## - UNIVERSAL DECIMAL CLASSIFICATION NUMBER
Universal Decimal Classification number 500 DET
082 00 - DEWEY DECIMAL CLASSIFICATION NUMBER
Classification number 500 DET
Edition number 21
100 ## - Rafti
Rafti 11
101 ## - Shkurtesa
Shkurtesa BIO
245 04 - TITLE STATEMENT
Title The handy science answer book /
Statement of responsibility, etc compiled by the Science and Technology Department of the Carnegie Library of Pittsburgh.
504 ## - BIBLIOGRAPHY, ETC. NOTE
Bibliography, etc Includes bibliographical references (p. 449-472) and index.
906 ## - LOCAL DATA ELEMENT F, LDF (RLIN)
a 7
b cbc
c copycat
d 2
e ncip
f 19
g y-gencatlg
942 ## - ADDED ENTRY ELEMENTS (KOHA)
Source of classification or shelving scheme
Item type Books
Holdings
Withdrawn status Lost status Source of classification or shelving scheme Damaged status Not for loan Collection code Permanent location Current location Shelving location Date acquired Total Checkouts Full call number Barcode Date last seen Price effective from Koha item type
          Koleksioni i përgjithshem UBT - Lipjan UBT - Lipjan Koleksioni i përgjithshem 03/09/2018   500 DET 002-3001460 03/09/2018 03/09/2018 Books
UBT Library © 2015-2024. All rights reserved University Education for Business and Technology